Statistiques concernant Les préfectures françaises les plus proches du Rhône

Cliquez ici pour prendre le quiz!

Statistiques générales

  • Ce quiz a été pris 72 fois
  • Le résultat moyen est 12 sur 15

Statistiques - réponses

DistancePréfecture% Correct
0 kmLyon
99%
18 kmAnnecy
93%
20 kmSaint-Etienne
93%
0 kmValence
93%
44 kmGrenoble
91%
34 kmMarseille
90%
33 kmBourg-en-Bresse
88%
15 kmChambéry
88%
0 kmAvignon
86%
14 kmNîmes
81%
52 kmMâcon
77%
11 kmPrivas
74%
53 kmMontpellier
71%
60 kmLons-le-Saunier
58%
69 kmLe Puy-en-Velay
57%

Distribution des résultats

Percentile par nombre de réponses

% des personnes avec chaque résultat

Votre développement - résultats

Vous n’avez pas pris ce quiz